[Event "TH-S-1160"]
[Site "IECC email"]
[Date "2019.06.22"]
[Round "?"]
[White "Martins, Karin"]
[Black "Marquis, Roland"]
[Result "1/2-1/2"]
[WhiteElo "2076"]
[BlackElo "1752"]
[PlyCount "85"]
[EventDate "2019.??.??"]
[EventType "tourn (corr)"]
[SourceTitle "Corr 2024"]
[Source "ChessBase"]
[SourceDate "2023.10.19"]
[SourceVersion "1"]
[SourceVersionDate "2023.10.19"]
[SourceQuality "1"]
[WhiteTeam "Deutschland"]
[BlackTeam "Schweiz"]
[WhiteTeamCountry "GER"]
[BlackTeamCountry "SUI"]

1. f4 d5 2. d4 c5 3. e3 Nf6 4. Nf3 Nc6 5. Be2 Bf5 6. 0-0 e6 7. c3 Be7 8. Nbd2 0-0 9. Ne5 cxd4 10. exd4 Ne4 11. Nxe4 Bxe4 12. Bd3 f6 13. Nf3 Qb6 14. Re1 f5 15. Rb1 Rac8 16. Be3 Qa5 17. Ra1 Rf6 18. Qe2 Rh6 19. Red1 a6 20. Bxe4 fxe4 21. Ne5 Rf6 22. c4 Bd6 23. Rdc1 Ne7 24. b3 Rff8 25. Nd7 Rfd8 26. Ne5 Nf5 27. Bf2 Rf8 28. Rc2 Qc7 29. Rac1 Qe7 30. Qe1 Ba3 31. Rd1 Bd6 32. Rdc1 Bb4 33. Qe2 Ba3 34. Rf1 Bd6 35. Re1 Kh8 36. h3 Kg8 37. Rec1 Ba3 38. Rb1 a5 39. Rd1 Bb4 40. Rdc1 Ba3 41. Rd1 Bb4 42. Rdc1 Ba3 43. Rd1 1/2-1/2

[Event "Remote email"]
[Site "Remote email"]
[Date "2014.02.10"]
[Round "?"]
[White "Marquis, Roland"]
[Black "Hoeber, Michael"]
[Result "0-1"]
[WhiteElo "2000"]
[BlackElo "1677"]
[PlyCount "62"]
[EventDate "2014.??.??"]
[EventType "tourn (corr)"]
[EventRounds "6"]
[EventCountry "GER"]
[SourceTitle "Corr 2015"]
[Source "ChessBase"]
[SourceDate "2015.07.17"]
[SourceVersion "1"]
[SourceVersionDate "2015.07.17"]
[SourceQuality "1"]

1. f4 d5 2. Nf3 Nf6 3. e3 Bf5 4. Be2 e6 5. 0-0 Bd6 6. a3 Nbd7 7. b4 c5 8. bxc5 Nxc5 9. Bb2 0-0 10. Nc3 a6 11. Nd4 Bg6 12. f5 exf5 13. Nxf5 Bxf5 14. Rxf5 Qd7 15. Qf1 Nce4 16. Nxe4 Nxe4 17. d3 Nc5 18. Bf3 Qxf5 19. e4 Qg6 20. exd5 Rfe8 21. Re1 Kf8 22. Rxe8+ Rxe8 23. c4 Nxd3 24. Bc1 Re1 25. Qxe1 Nxe1 26. Kf2 Nxf3 27. gxf3 Qc2+ 28. Ke3 Qxc1+ 29. Kf2 Qd2+ 30. Kf1 Bc5 31. h4 Qf2# 0-1

[Event "IECC Y2KO email"]
[Site "IECC email"]
[Date "2001.09.24"]
[Round "?"]
[White "Futida, Souitiro"]
[Black "Marquis, Roland"]
[Result "1-0"]
[WhiteElo "2051"]
[BlackElo "1688"]
[PlyCount "115"]
[EventDate "2001.??.??"]
[EventType "tourn (corr)"]
[EventRounds "6"]
[SourceTitle "Corr 2008"]
[Source "ChessBase"]
[SourceDate "2008.06.24"]
[SourceVersion "1"]
[SourceVersionDate "2008.06.24"]
[SourceQuality "1"]

1. d4 d5 2. c4 c6 3. Nf3 Nf6 4. Nc3 Nbd7 5. cxd5 cxd5 6. Bf4 Qa5 7. Rc1 e6 8. a3 Be7 9. e3 0-0 10. Bd3 h6 11. h3 Nh5 12. Bh2 a6 13. 0-0 Nhf6 14. Rc2 b5 15. Qe2 Bb7 16. Nd2 Rac8 17. Nb3 Qb6 18. Rfc1 Rc6 19. Na2 Rfc8 20. Nb4 Rxc2 21. Rxc2 Qd8 22. Qd1 Rxc2 23. Qxc2 Qc8 24. Na5 Bxb4 25. axb4 Qxc2 26. Bxc2 Ba8 27. Nb3 Kf8 28. Kf1 Ke7 29. Ke2 g5 30. g4 Bc6 31. Bd3 h5 32. f3 hxg4 33. fxg4 Ne4 34. Bxe4 dxe4 35. Nc5 Nxc5 36. bxc5 a5 37. Bd6+ Kd7 38. Be5 a4 39. Bf6 b4 40. Kd2 e5 41. dxe5 Bd5 42. Bxg5 a3 43. bxa3 bxa3 44. Kc3 a2 45. Kb2 Be6 46. h4 a1Q+ 47. Kxa1 Bxg4 48. Kb2 Kc6 49. Be7 Be2 50. Kc3 Kd5 51. Bd6 Bg4 52. Kd2 Bf3 53. Ke1 Bg4 54. Kf2 Ke6 55. c6 Kf5 56. c7 Kg6 57. Kg3 Bc8 58. Kf4 1-0

[Event "IECC Trio 454 email"]
[Site "IECC email"]
[Date "1998.02.14"]
[Round "?"]
[White "Hoefer, Hans Peter"]
[Black "Marquis, Roland"]
[Result "1-0"]
[WhiteElo "1560"]
[BlackElo "1540"]
[PlyCount "123"]
[EventDate "1998.??.??"]
[EventType "tourn (corr)"]
[EventRounds "4"]
[SourceTitle "Corr 2008"]
[Source "ChessBase"]
[SourceDate "2008.06.24"]
[SourceVersion "1"]
[SourceVersionDate "2008.06.24"]
[SourceQuality "1"]

1. d4 d5 2. c4 c6 3. Nc3 Nf6 4. Nf3 dxc4 5. a4 Bf5 6. e3 e6 7. Bxc4 Bb4 8. 0-0 Nbd7 9. Qb3 a5 10. Na2 c5 11. Nxb4 cxb4 12. Bd2 Be4 13. Qd1 0-0 14. Rc1 h6 15. Bb5 Rc8 16. Qe2 Qe7 17. b3 e5 18. Rfd1 Bd5 19. dxe5 Nxe5 20. Nd4 Ne4 21. f3 Nxd2 22. Qxd2 Rxc1 23. Qxc1 Bc6 24. e4 Bxb5 25. Nxb5 b6 26. Rd6 Rd8 27. Qd2 Rxd6 28. Nxd6 Qe6 29. Qd5 Qxd5 30. exd5 Kf8 31. Kf1 Ke7 32. Nc8+ Kd7 33. Nxb6+ Kc7 34. f4 Nd3 35. Nc4 Nxf4 36. d6+ Kd7 37. Nxa5 Kxd6 38. Nc4+ Kc5 39. Kf2 f6 40. g3 Ne6 41. Ke3 Nd4 42. Nd2 Nf5+ 43. Kd3 Nd4 44. Ke4 Nc6 45. h4 Ne5 46. h5 Ng4 47. Nf3 Nf2+ 48. Ke3 Nd1+ 49. Ke4 Nf2+ 50. Kf5 Nh1 51. g4 Nf2 52. Nh2 Nd3 53. Kg6 Nc1 54. Kxg7 Nxb3 55. Nf3 Nd4 56. Nd2 b3 57. Nxb3+ Nxb3 58. Kxf6 Nd2 59. Kg6 Ne4 60. Kxh6 Kb4 61. g5 Kxa4 62. g6 1-0